| 000 | 00000nam##2200000za#4500 |
| 001 | 9.699490 |
| 003 | CaOODSP |
| 005 | 20210625000414 |
| 007 | cr ||||||||||| |
| 008 | 150407|2007||||xxc|||||o f|0| 0 eng|d |
| 040 | |aCaOODSP|beng |
| 043 | |an-cn--- |
| 086 | 1 |aR74-6/2007E-PDF |
| 110 | 1 |aCanada.|bIndian and Northern Affairs. |bWater Resources Division. |
| 245 | 10|aGuidelines for spill contingency planning |h[electronic resource] |
| 260 | |aYellowknife - Northwest Territories : |bIndian and Northern Affairs. |cApril 2007. |
| 300 | |a30p.|bfig., maps, tables, photographs |
| 590 | |a15-02-Supp|b2015-02-16 |
| 690 | 07|aEmergency preparedness|2gcpds |
| 690 | 07|aToxic spills|2gcpds |
| 775 | 08|tDirectives d'élaboration de plans d'urgence en cas de déversement |w(CaOODSP)9.643520 |
| 856 | 40|ahttp://publications.gc.ca|qPDF|s1.24 MB|uhttps://publications.gc.ca/collections/collection_2014/aadnc-aandc/R74-6-2007-eng.pdf |